000 00394nam a2200145Ia 4500
008 230917s9999||||xx |||||||||||||| ||und||
040 _e140002
_aMAIN
041 _aEnglish
082 _a954.5 G129P
100 _aGajrani, S
245 0 _aPeasents and princes: Agrarian unrest in the East Punjab states 1920-48
260 _aDelhi
_bAnmol Publications
_c1987
300 _a216 p.
942 _cBK
999 _c60247
_d60247